Totalidad e infinito: ensayo sobre la exterioridad

Shranjeno v:
Bibliografske podrobnosti
Glavni avtor: Lévinas, Emmanuel (autor)
Format: Knjiga
Jezik:španščina
Izdano: Salamanca Sígueme 1977
Izdaja:1a. ed
Serija:Colección Hermeneia, 8
Teme:
Oznake: Označite
Brez oznak, prvi označite!

MARC

LEADER 00000cam a2200000 a 4500
001 UCO1857
003 CL-VaPUC
008 000525e19770000SP |||||||||||||||||spa|d
082 0 4 |a 128  |b LEV  |2 21 
100 |a Lévinas, Emmanuel  |e autor  |9 340519 
245 1 0 |a Totalidad e infinito: ensayo sobre la exterioridad 
250 |a 1a. ed 
300 |a 315 p 
942 |c BK 
945 |d 20000525 00:00:00  |a rbrito 
260 |a Salamanca  |b Sígueme  |c 1977 
650 0 |a Tiempo   |9 267892 
650 0 |a Antropología filosófica  |9 265842 
650 0 |a Infinito  |9 312136 
650 0 |a Filosofía   |9 223554 
583 |a last modification  |c 20190402 12:36:32  |k Rodrigo Vera 
490 0 |a Colección Hermeneia, 8 
999 |c 288447  |d 288445